[Event "European Rapid 2014"]
[Site "Wroclaw POL"]
[Date "2014.12.20"]
[Round "3.4"]
[White "Boe, Mads"]
[Black "Efimenko, Zahar"]
[Result "0-1"]
[WhiteTitle "FM"]
[BlackTitle "GM"]
[WhiteElo "2351"]
[BlackElo "2643"]
[WhiteFideId "1401408"]
[BlackFideId "14107201"]
[EventDate "2014.12.20"]

1. e4 g6 2. d4 Bg7 3. Nc3 d6 4. Be3 c6 5. Qd2 Nd7 6. f3 b5 7. h4 h5 8. Nh3 Ngf6
9. O-O-O Nb6 10. Kb1 b4 11. Ne2 Nc4 12. Qc1 Nxe3 13. Qxe3 Bxh3 14. Rxh3 a5 15.
g3 a4 16. f4 Ng4 17. Qf3 a3 18. b3 O-O 19. Rh1 c5 20. Bh3 Qc8 21. dxc5 Qxc5 22.
Rd5 Qc6 23. Bxg4 hxg4 24. Qd3 Rfd8 25. Rd1 e6 26. Rg5 Bf6 27. Rxg4 Qc5 28. f5
Qe5 29. c3 bxc3 30. Kc2 Kh7 31. fxg6+ fxg6 32. Nf4 Rg8 33. Qxd6 Qxe4+ 34. Qd3
Qf5 35. Rg5 Qxd3+ 36. Rxd3 Bxg5 37. hxg5 e5 38. Nd5 Kg7 39. Nxc3 Rgf8 40. b4
Rf2+ 41. Kb3 Rb2+ 42. Kc4 Rc8+ 43. Kd5 Rxb4 44. Re3 Rb2 45. Ne4 Rxa2 46. Nd6
Rd2+ 47. Kxe5 Rc5+ 0-1

[Event "European Rapid 2014"]
[Site "Wroclaw POL"]
[Date "2014.12.20"]
[Round "3.5"]
[White "Bernotas, Arturs"]
[Black "Vallejo Pons, Francisco"]
[Result "0-1"]
[BlackTitle "GM"]
[WhiteElo "2272"]
[BlackElo "2705"]
[WhiteFideId "11601426"]
[BlackFideId "2205530"]
[EventDate "2014.12.20"]

1. e4 c5 2. Nf3 d6 3. Bb5+ Nc6 4. O-O Bd7 5. Re1 Nf6 6. c3 a6 7. Bf1 Bg4 8. d4
Bxf3 9. gxf3 cxd4 10. cxd4 e5 11. d5 Nd4 12. Be3 Be7 13. Nd2 Nh5 14. Nb3 Bf6 15.
Nxd4 exd4 16. Bxd4 O-O 17. e5 dxe5 18. Bxe5 Bxe5 19. Rxe5 Nf4 20. Qd4 Ng6 21.
Re4 Qd6 22. Rd1 Rad8 23. Bg2 h6 24. f4 Nh4 25. Bh1 Qg6+ 26. Kf1 Nf5 27. Qd3 Nd6
28. Re5 Qf6 29. Qd4 Rc8 30. Re2 Qh4 31. Qe3 Qxh2 32. Bg2 Qh4 33. Qe5 Rfd8 34. f5
b5 35. f6 gxf6 36. Qe7 Qf4 37. Qe3 Qg5 38. Qa3 Rc1 39. Rxc1 Qxc1+ 40. Re1 Qf4
41. Qxa6 Rc8 42. Qb6 Rc2 43. Qe3 Qxe3 44. Rxe3 Rxb2 45. a3 Rb1+ 46. Ke2 Rb2+ 47.
Kf1 Kf8 48. Rh3 Ra2 49. Bf3 Rxa3 50. Kg2 Kg7 51. Rg3+ Kf8 52. Rh3 b4 53. Rxh6
Ra6 54. Rh8+ Ke7 55. Rb8 Ra4 56. Bd1 Ra5 57. Rxb4 Rxd5 58. Bb3 Rd2 59. Ra4 f5
60. Kf3 Rd3+ 0-1

[Event "European Rapid 2014"]
[Site "Wroclaw POL"]
[Date "2014.12.20"]
[Round "3.6"]
[White "Vega Gutierrez, Sabrina"]
[Black "Socko, Bartosz"]
[Result "0-1"]
[WhiteTitle "IM"]
[BlackTitle "GM"]
[WhiteElo "2405"]
[BlackElo "2617"]
[WhiteFideId "2219026"]
[BlackFideId "1107038"]
[EventDate "2014.12.20"]

1. e4 e6 2. Qe2 c5 3. Nf3 Nc6 4. c3 d6 5. g3 g6 6. Bg2 Bg7 7. O-O Nge7 8. Rd1 e5
9. Na3 O-O 10. Nc2 Qb6 11. b3 a5 12. Bb2 a4 13. d4 cxd4 14. cxd4 axb3 15. axb3
Rxa1 16. Nxa1 Nxd4 17. Nxd4 exd4 18. Qd3 Nc6 19. Nc2 Bg4 20. Rd2 Ne5 21. Bxd4
Qa5 22. Qe3 Rc8 23. h3 Be6 24. f4 Bh6 25. Bb6 Qb5 26. Na3 Qa6 27. Ra2 Nd3 28.
Bf1 Rc1 29. Rc2 Rxf1+ 30. Kxf1 Nb4+ 31. Kg2 Qxa3 32. Rd2 Nc6 33. g4 Qb4 34. g5
Bg7 35. Rd3 h6 36. h4 hxg5 37. hxg5 Bb2 38. Kf3 Kf8 39. Qf2 Bxb3 40. e5 Bxe5 41.
fxe5 Nxe5+ 42. Kg3 Qg4+ 43. Kh2 Nxd3 44. Qf6 Qf4+ 0-1

[Event "European Rapid 2014"]
[Site "Wroclaw POL"]
[Date "2014.12.20"]
[Round "3.7"]
[White "Salgado Lopez, Ivan"]
[Black "Przybylski, Wojciech"]
[Result "1/2-1/2"]
[WhiteTitle "GM"]
[BlackTitle "FM"]
[WhiteElo "2622"]
[BlackElo "2378"]
[WhiteFideId "2257327"]
[BlackFideId "1117599"]
[EventDate "2014.12.20"]

1. e4 e5 2. Bc4 Nf6 3. d3 Nc6 4. Nf3 Be7 5. O-O O-O 6. Re1 d6 7. a4 Na5 8. Ba2
c5 9. Nc3 Nc6 10. Bg5 Ne8 11. Be3 Nd4 12. h3 Nc7 13. Nd5 Be6 14. Nxc7 Qxc7 15.
Bxe6 Nxf3+ 16. Qxf3 fxe6 17. Qg4 Rf6 18. h4 Rg6 19. Qh3 h5 20. f3 Rf8 21. g4
Rgf6 22. g5 Rxf3 23. Qxe6+ Kh7 24. Kg2 a6 25. Re2 Qd8 26. Rae1 Qe8 27. a5 Qf7
28. Qxf7 R3xf7 29. Rf2 Bd8 30. Rxf7 Rxf7 31. Bd2 g6 32. Rb1 Rc7 33. Kf3 c4 34.
Ke2 Kg8 35. Bb4 cxd3+ 36. Kxd3 Rc6 37. Rf1 Be7 38. c4 Rc8 39. Bc3 Rf8 40. Rxf8+
Kxf8 41. c5 Kf7 42. Kc4 Ke6 43. Bb4 dxc5 44. Bxc5 Bd8 45. b4 Bc7 46. Bf2 Kd6 47.
Bc5+ 1/2-1/2

[Event "European Rapid 2014"]
[Site "Wroclaw POL"]
[Date "2014.12.20"]
[Round "3.8"]
[White "Antoms, Guntars"]
[Black "Wojtaszek, Radoslaw"]
[Result "0-1"]
[WhiteTitle "IM"]
[BlackTitle "GM"]
[WhiteElo "2345"]
[BlackElo "2744"]
[WhiteFideId "11601469"]
[BlackFideId "1118358"]
[EventDate "2014.12.20"]

1. e4 c5 2. Nc3 Nc6 3. f4 g6 4. Nf3 Bg7 5. Bc4 e6 6. f5 Nge7 7. fxe6 dxe6 8. O-O
h6 9. d3 b6 10. Qe1 g5 11. Qg3 Ng6 12. Be3 Nce5 13. Rad1 O-O 14. Nxe5 Nxe5 15.
Bb3 Qe7 16. Kh1 Bb7 17. d4 cxd4 18. Bxd4 Ng6 19. Bxg7 Kxg7 20. Qd6 Qxd6 21. Rxd6
Rad8 22. Rfd1 Rxd6 23. Rxd6 Ne5 24. Kg1 Kf6 25. Kf2 Ke7 26. Rd4 h5 27. h3 h4 28.
Nb5 a6 29. Nc3 g4 30. hxg4 Nxg4+ 31. Ke2 Ne5 32. a4 Rg8 33. Kf1 a5 34. Bc4 f5
35. exf5 Bxg2+ 36. Kf2 Nxc4 37. Rxc4 h3 38. Rh4 Rf8 39. Ne2 Rxf5+ 40. Ke3 Rf3+
41. Kd2 Kd6 42. c3 e5 43. b4 e4 44. Ng1 Rd3+ 45. Kc2 Ke5 46. Ne2 Kf5 47. bxa5
bxa5 48. Nd4+ Kg5 49. Rh8 Kg4 50. Ne2 Kf3 51. Nd4+ Kf2 52. Kb3 Rxd4 53. cxd4 e3 0-1

[Event "European Rapid 2014"]
[Site "Wroclaw POL"]
[Date "2014.12.20"]
[Round "3.9"]
[White "Piesik, Piotr"]
[Black "Matlakov, Maxim"]
[Result "1-0"]
[BlackTitle "GM"]
[WhiteElo "2256"]
[BlackElo "2695"]
[WhiteFideId "1136194"]
[BlackFideId "4168003"]
[EventDate "2014.12.20"]

1. Nf3 d5 2. g3 c6 3. Bg2 Bf5 4. O-O e6 5. d3 h6 6. Nbd2 Nf6 7. Qe1 Be7 8. e4
Bh7 9. Qe2 a5 10. a4 Na6 11. b3 Nb4 12. Ne1 c5 13. Bb2 O-O 14. f4 Qb6 15. Kh1
Nc6 16. e5 Nd7 17. c4 dxc4 18. Nxc4 Qc7 19. Nc2 Rad8 20. Rad1 Nb6 21. N2a3 Nxc4
22. Nb5 Qb6 23. dxc4 Nd4 24. Bxd4 cxd4 25. Be4 Bxe4+ 26. Qxe4 d3 27. Rxd3 Rxd3
28. Qxd3 Rd8 29. Qe2 Bc5 30. Kg2 Qc6+ 31. Kh3 Qd7 32. Nc3 Qc6 33. Rd1 Rd7 34.
Rxd7 Qxd7 35. Qd1 Qc6 36. Qd8+ Kh7 37. Qd3+ g6 38. Ne4 Kg7 39. Nf6 Be7 40. Ne4
Qb6 41. Qd7 Qe3 42. Nd6 Qe2 43. Qxe7 1-0

[Event "European Rapid 2014"]
[Site "Wroclaw POL"]
[Date "2014.12.20"]
[Round "3.10"]
[White "Ziaziulkina, Nastassia"]
[Black "Alekseev, Evgeny"]
[Result "0-1"]
[WhiteTitle "IM"]
[BlackTitle "GM"]
[WhiteElo "2427"]
[BlackElo "2679"]
[WhiteFideId "13505211"]
[BlackFideId "4138147"]
[EventDate "2014.12.20"]

1. e4 c5 2. Nf3 Nc6 3. d4 cxd4 4. Nxd4 Qb6 5. Nb3 Nf6 6. Nc3 e6 7. a3 d6 8. Be3
Qc7 9. f4 a6 10. Qf3 b5 11. Bd3 Bb7 12. O-O Be7 13. Rae1 b4 14. axb4 Nxb4 15.
Qg3 O-O 16. f5 Nxd3 17. cxd3 Kh8 18. fxe6 fxe6 19. Nd4 Qd7 20. Qh3 Bc8 21. Re2
Qe8 22. Qg3 Bd7 23. Ref2 Qh5 24. Nce2 e5 25. Nf5 Bxf5 26. exf5 Ng4 27. Rf3 Nxe3
28. Rxe3 Rxf5 29. Rxf5 Qxf5 30. Nd4 Qg5 31. Nc6 Qxg3 32. Rxg3 Bf6 33. Rg4 e4 34.
Rxe4 Bxb2 35. Re6 Ba3 36. Kf2 h6 37. Kf3 a5 38. Re2 a4 39. Rc2 d5 40. Ke3 Bd6
41. Kd4 a3 42. Ra2 Bxh2 43. Kxd5 Bf4 44. d4 Kg8 45. Ke6 Re8+ 46. Kd7 Re3 47.
Ne7+ Kf7 48. Nd5 Rd3 49. Kc6 Bc1 50. Rf2+ Kg8 51. Kc5 Bb2 52. Nb4 Rxd4 53. Re2
Rxb4 54. Kxb4 a2 0-1

[Event "European Rapid 2014"]
[Site "Wroclaw POL"]
[Date "2014.12.20"]
[Round "3.11"]
[White "Bartel, Mateusz"]
[Black "Masternak, Grzegorz"]
[Result "1-0"]
[WhiteTitle "GM"]
[BlackTitle "IM"]
[WhiteElo "2664"]
[BlackElo "2330"]
[WhiteFideId "1112635"]
[BlackFideId "1100505"]
[EventDate "2014.12.20"]

1. e4 e6 2. d4 d5 3. Nc3 Bb4 4. e5 Ne7 5. Bd2 c5 6. a3 Bxc3 7. Bxc3 Nbc6 8. Nf3
cxd4 9. Nxd4 O-O 10. Nf3 Ng6 11. h4 d4 12. Nxd4 Ngxe5 13. Nxc6 Qxd1+ 14. Rxd1
Nxc6 15. Rh3 e5 16. Re3 Bg4 17. f3 Bf5 18. Rd2 Rfe8 19. Bc4 Be6 20. Bb5 f6 21.
Rd6 Rac8 22. f4 Bf5 23. fxe5 fxe5 24. Ba4 a6 25. Rf3 Be4 26. Bb3+ Kh8 27. Rf7
Nd4 28. Bxd4 exd4 29. Kd2 Bxg2 30. Rxd4 Bc6 31. a4 Rcd8 32. Rxd8 Rxd8+ 33. Kc3
h5 34. a5 Re8 35. Bc4 Be4 36. Kd4 Bc6 37. Bd3 Kg8 38. Rf5 Re1 39. Bc4+ Kh7 40.
Rxh5+ Kg6 41. Rg5+ Kf6 42. Bd3 Rb1 43. b3 Rh1 44. Rg4 Rh2 45. Kc5 Rh3 46. Kb6
Bh1 47. Be4 1-0

[Event "European Rapid 2014"]
[Site "Wroclaw POL"]
[Date "2014.12.20"]
[Round "3.12"]
[White "Bartel, Michal"]
[Black "Korobov, Anton"]
[Result "1-0"]
[WhiteTitle "FM"]
[BlackTitle "GM"]
[WhiteElo "2327"]
[BlackElo "2693"]
[WhiteFideId "1119257"]
[BlackFideId "14105730"]
[EventDate "2014.12.20"]

1. e4 c5 2. Nf3 d6 3. Bb5+ Nd7 4. O-O a6 5. Bxd7+ Bxd7 6. Qe2 Nf6 7. Rd1 e5 8.
c3 Bb5 9. d3 Be7 10. Nbd2 O-O 11. a4 Bc6 12. d4 exd4 13. cxd4 Qc7 14. b3 Rfe8
15. Qd3 d5 16. e5 Ne4 17. Bb2 b6 18. Rac1 a5 19. Nf1 Qb7 20. Ne3 b5 21. dxc5
Nxc5 22. Rxc5 Bxc5 23. Ng5 g6 24. Ng4 bxa4 1-0

[Event "European Rapid 2014"]
[Site "Wroclaw POL"]
[Date "2014.12.20"]
[Round "3.13"]
[White "Moiseenko, Alexander"]
[Black "Nasuta, Grzegorz"]
[Result "1-0"]
[WhiteTitle "GM"]
[BlackTitle "FM"]
[WhiteElo "2692"]
[BlackElo "2351"]
[WhiteFideId "14102560"]
[BlackFideId "1141686"]
[EventDate "2014.12.20"]

1. d4 Nf6 2. c4 g6 3. Nc3 d5 4. cxd5 Nxd5 5. e4 Nxc3 6. bxc3 Bg7 7. Qa4+ Bd7 8.
Qb3 b6 9. Nf3 O-O 10. Be2 c5 11. O-O Nc6 12. Be3 cxd4 13. cxd4 Bg4 14. Rad1 Rc8
15. d5 Ne5 16. Bd4 Nxf3+ 17. Bxf3 Bxf3 18. Qxf3 Bxd4 19. Rxd4 Qd6 20. Qe3 Rfd8
21. e5 Qc5 22. Rfd1 Qc2 23. h4 1-0

[Event "European Rapid 2014"]
[Site "Wroclaw POL"]
[Date "2014.12.20"]
[Round "3.14"]
[White "Wiewiora, Eneasz"]
[Black "Fedorchuk, Sergey A."]
[Result "0-1"]
[BlackTitle "GM"]
[WhiteElo "2219"]
[BlackElo "2669"]
[WhiteFideId "1140396"]
[BlackFideId "14102536"]
[EventDate "2014.12.20"]

1. e4 c5 2. c3 d5 3. exd5 Qxd5 4. d4 e6 5. Nf3 Nf6 6. Na3 Nc6 7. Nb5 Qd8 8. dxc5
Bxc5 9. Qxd8+ Kxd8 10. Bf4 Ne4 11. Rd1+ Bd7 12. Nbd4 Nxd4 13. Nxd4 0-1

[Event "European Rapid 2014"]
[Site "Wroclaw POL"]
[Date "2014.12.20"]
[Round "3.15"]
[White "Inarkiev, Ernesto"]
[Black "Pajeken, Wolfgang"]
[Result "1-0"]
[WhiteTitle "GM"]
[BlackTitle "FM"]
[WhiteElo "2680"]
[BlackElo "2312"]
[WhiteFideId "4162722"]
[BlackFideId "4622170"]
[EventDate "2014.12.20"]

1. d4 Nf6 2. c4 e6 3. Nf3 Bb4+ 4. Nbd2 O-O 5. a3 Be7 6. e3 d5 7. Bd3 b6 8. O-O
Bb7 9. b3 Nbd7 10. Bb2 c5 11. Qe2 Rc8 12. Rfd1 Qc7 13. Rac1 Qb8 14. Ne5 Rfd8 15.
cxd5 Bxd5 16. Nxd7 Nxd7 17. dxc5 Rxc5 18. Nc4 Bf6 19. e4 Bxc4 20. Bxc4 Bxb2 21.
Qxb2 Ne5 22. Be2 Rxc1 23. Rxc1 Ng6 24. g3 Rc8 1-0

[Event "European Rapid 2014"]
[Site "Wroclaw POL"]
[Date "2014.12.20"]
[Round "3.16"]
[White "Owczarzak, Jerzy"]
[Black "Edouard, Romain"]
[Result "0-1"]
[WhiteTitle "FM"]
[BlackTitle "GM"]
[WhiteElo "2328"]
[BlackElo "2659"]
[WhiteFideId "1114310"]
[BlackFideId "633429"]
[EventDate "2014.12.20"]

1. e4 e6 2. d4 d5 3. exd5 exd5 4. Bd3 Nc6 5. Ne2 Bd6 6. Nbc3 Nge7 7. Nb5 Bb4+ 8.
c3 Ba5 9. a4 Bb6 10. O-O O-O 11. Bf4 a6 12. Na3 Bf5 13. Nc2 Qd7 14. Ne3 Bxd3 15.
Qxd3 Nd8 16. h3 c6 17. a5 Bc7 18. b4 Ne6 19. Bxc7 Qxc7 20. f4 f5 21. g3 Rf6 22.
Kh2 Raf8 23. Rad1 Kh8 24. Rd2 g5 25. c4 gxf4 26. Nxf4 Nxf4 27. Rxf4 dxc4 28.
Qxc4 Ng6 29. Rf3 f4 30. Nd5 Qf7 0-1

[Event "European Rapid 2014"]
[Site "Wroclaw POL"]
[Date "2014.12.20"]
[Round "3.17"]
[White "Plichta, Kamil"]
[Black "Bologan, Viktor"]
[Result "0-1"]
[WhiteTitle "FM"]
[BlackTitle "GM"]
[WhiteElo "2320"]
[BlackElo "2643"]
[WhiteFideId "1141830"]
[BlackFideId "13900048"]
[EventDate "2014.12.20"]

1. d4 Nf6 2. c4 Nc6 3. Nc3 e5 4. d5 Ne7 5. Bg5 Ng6 6. h4 h5 7. e3 Be7 8. Nf3 d6
9. Bd3 Nf8 10. c5 N8d7 11. cxd6 cxd6 12. Qd2 a6 13. O-O-O b5 14. Kb1 b4 15. Ne2
e4 16. Bc2 exf3 17. gxf3 Qb6 18. Rhg1 Nc5 19. Nd4 Nxd5 20. Bxe7 Nxe7 21. Rxg7
Bd7 22. e4 Rf8 23. Qg5 b3 24. Bxb3 Nxb3 25. axb3 Qc5 26. Qh6 Qe5 0-1

[Event "European Rapid 2014"]
[Site "Wroclaw POL"]
[Date "2014.12.20"]
[Round "3.18"]
[White "Volokitin, Andrei"]
[Black "Berzina, Ilze"]
[Result "1-0"]
[WhiteTitle "GM"]
[BlackTitle "WGM"]
[WhiteElo "2626"]
[BlackElo "2226"]
[WhiteFideId "14107090"]
[BlackFideId "11601345"]
[EventDate "2014.12.20"]

1. e4 c6 2. d4 d5 3. e5 c5 4. dxc5 e6 5. a3 Nd7 6. b4 Nxe5 7. Bb2 Qc7 8. Nd2 Be7
9. f4 Ng6 10. Bxg7 Qxf4 11. Bb5+ Bd7 12. Bxd7+ Kxd7 13. Bxh8 Nxh8 14. Ngf3 Bf6
15. O-O Bxa1 16. Qxa1 Ng6 17. c4 N8e7 18. Qc3 Rg8 19. g3 1-0

[Event "European Rapid 2014"]
[Site "Wroclaw POL"]
[Date "2014.12.20"]
[Round "3.19"]
[White "Stoma, Pawel"]
[Black "Navara, David"]
[Result "0-1"]
[BlackTitle "GM"]
[WhiteElo "2359"]
[BlackElo "2727"]
[WhiteFideId "1113569"]
[BlackFideId "309095"]
[EventDate "2014.12.20"]

1. c4 e5 2. Nc3 Nf6 3. Nf3 Nc6 4. e3 Bb4 5. Qc2 Bxc3 6. Qxc3 Qe7 7. d4 exd4 8.
Nxd4 Nxd4 9. Qxd4 c5 10. Qd3 b6 11. Be2 Bb7 12. Bf3 Bxf3 13. gxf3 O-O-O 14. Bd2
d5 15. cxd5 Rxd5 16. Qa6+ Kb8 17. O-O-O Rhd8 18. e4 R5d7 19. Bf4+ Ka8 20. Qa4
Kb7 21. Rxd7+ Qxd7 22. Qxd7+ Rxd7 23. Kc2 Kc6 24. Be5 Nh5 25. Re1 b5 26. b3 b4
27. Bg3 a5 28. f4 g6 29. f3 Kb5 30. f5 gxf5 31. exf5 Rd5 32. Re8 Rxf5 33. Rb8+
Kc6 34. Rc8+ Kb7 35. Rb8+ Ka7 36. Bc7 Ng7 37. Rh8 Ne6 38. Bb8+ Kb7 39. Bg3 h5
40. Kd3 Rxf3+ 41. Kc4 h4 42. Be5 Rf5 43. Kd5 Nf4+ 0-1

[Event "European Rapid 2014"]
[Site "Wroclaw POL"]
[Date "2014.12.20"]
[Round "3.20"]
[White "Gajewski, Grzegorz"]
[Black "Ivekovic, Zvonimir"]
[Result "1-0"]
[WhiteTitle "GM"]
[WhiteElo "2643"]
[BlackElo "2360"]
[WhiteFideId "1116207"]
[BlackFideId "14511320"]
[EventDate "2014.12.20"]

1. e4 e5 2. Nf3 d6 3. d4 exd4 4. Nxd4 Nf6 5. Nc3 Be7 6. Be2 O-O 7. O-O Re8 8.
Re1 Bf8 9. Bf1 c6 10. h3 Nbd7 11. Bf4 Ne5 12. Qd2 Ng6 13. Bh2 Qb6 14. Nb3 Be6
15. Rad1 Rad8 16. Qd4 c5 17. Qd2 a6 18. Kh1 Bc8 19. f4 Qc6 20. Na5 Qc7 21. Nc4
b5 22. Ne3 Ne7 23. Qf2 Nc6 24. Ned5 Nxd5 25. Nxd5 Qb7 26. f5 f6 27. c3 Ne5 28.
a4 Nf7 29. axb5 axb5 30. b4 Bd7 31. Rb1 c4 32. Ra1 Bc6 33. Ra7 Qb8 34. Ra6 Bxd5
35. exd5 Qb7 36. Rc6 Rxe1 37. Qxe1 Ne5 38. Qe4 Re8 39. Bxe5 Rxe5 40. Qf3 Qf7 41.
Rb6 Qxd5 42. Qxd5+ Rxd5 43. Rxb5 Rd1 44. Kg1 g6 45. Kf2 Rc1 46. Bxc4+ Kg7 47.
Rb7+ Kh6 48. Rf7 Bg7 49. b5 Rxc3 50. Be2 Rb3 51. g4 gxf5 52. gxf5 d5 53. Rd7 Bf8
54. Rxd5 Kg5 55. Bd3 Ba3 56. Ke2 Bb2 57. Kf3 Be5 58. Ke3 Rb4 59. Rd7 h5 60. Rg7+
Kh4 61. Rh7 Kxh3 62. Rxh5+ Kg3 63. Rh7 Bf4+ 64. Ke2 Rb2+ 65. Ke1 Kf3 66. Re7
Bd2+ 67. Kd1 Be3 68. Be4+ Kf2 69. Re6 Kf1 70. b6 Rxb6 71. Rxb6 1-0

[Event "European Rapid 2014"]
[Site "Wroclaw POL"]
[Date "2014.12.20"]
[Round "3.21"]
[White "Dudzinski, Pawel"]
[Black "Bosiocic, Marin"]
[Result "0-1"]
[WhiteTitle "FM"]
[BlackTitle "GM"]
[WhiteElo "2257"]
[BlackElo "2555"]
[WhiteFideId "1117890"]
[BlackFideId "14507927"]
[EventDate "2014.12.20"]

1. e4 e5 2. Nc3 Nf6 3. g3 d5 4. exd5 Nxd5 5. Bg2 Nxc3 6. bxc3 Nc6 7. Nf3 Bc5 8.
O-O O-O 9. Rb1 Bb6 10. d3 Bg4 11. h3 Bh5 12. Qd2 h6 13. Re1 Qd6 14. g4 Bg6 15.
Nh4 f5 16. g5 f4 17. Ba3 Qxa3 18. Nxg6 Rf5 19. h4 Qd6 20. h5 Rxg5 21. Qe2 Qd5
22. Nh4 Rxg2+ 23. Nxg2 f3 24. Ne3 Qf7 25. Qd2 Qxh5 26. d4 Rf8 27. Qd3 Rf6 28.
Nf1 Qh3 29. Ne3 Ne7 30. Rxb6 axb6 31. dxe5 Rg6+ 0-1

[Event "European Rapid 2014"]
[Site "Wroclaw POL"]
[Date "2014.12.20"]
[Round "3.22"]
[White "Lysyj, Igor"]
[Black "Obrusnik, Michal"]
[Result "1-0"]
[WhiteTitle "GM"]
[BlackTitle "FM"]
[WhiteElo "2686"]
[BlackElo "2324"]
[WhiteFideId "4150120"]
[BlackFideId "1136674"]
[EventDate "2014.12.20"]

1. d4 Nf6 2. c4 e6 3. Nf3 b6 4. a3 Bb7 5. Nc3 d5 6. Bg5 Be7 7. e3 O-O 8. Qc2
Nbd7 9. cxd5 exd5 10. Bd3 c5 11. O-O h6 12. Bf4 a6 13. Rad1 c4 14. Bf5 b5 15.
Ne5 Nb6 16. Rfe1 Nh5 17. Qe2 Nxf4 18. exf4 Bd6 19. Qh5 Bc8 20. Bc2 Qf6 21. g3 b4
22. axb4 Bxb4 23. h4 Rd8 24. Re3 Bf8 25. Rde1 g6 26. Qe2 h5 27. f5 Bxf5 28. Rf3
Ra7 29. Bxf5 gxf5 30. Qc2 Qh6 31. Rxf5 Bg7 32. Qd1 Re8 33. Rxh5 Qd6 34. Qc2 Kf8
35. Qh7 Qf6 36. Rf5 Qh6 37. Rxf7+ Rxf7 38. Ng6+ Qxg6 39. Rxe8+ Kxe8 40. Qxg6
Bxd4 41. Kg2 Bf6 42. h5 Nc8 43. Nxd5 1-0

[Event "European Rapid 2014"]
[Site "Wroclaw POL"]
[Date "2014.12.20"]
[Round "3.23"]
[White "Lach, Aleksandra"]
[Black "Azarov, Sergei"]
[Result "0-1"]
[WhiteTitle "WFM"]
[BlackTitle "GM"]
[WhiteElo "2208"]
[BlackElo "2635"]
[WhiteFideId "1134299"]
[BlackFideId "13501470"]
[EventDate "2014.12.20"]

1. e4 e5 2. Nf3 Nc6 3. Bc4 Nf6 4. d3 Be7 5. O-O O-O 6. Bb3 d5 7. Qe2 Bg4 8. c3
Re8 9. h3 Be6 10. Bg5 h6 11. Bxf6 Bxf6 12. Nbd2 Ne7 13. Rad1 Ng6 14. exd5 Nf4
15. Qe4 Nxd5 16. Nc4 Nb6 17. Ne3 c6 18. c4 Nd7 19. Ng4 Bxg4 20. Qxg4 Nc5 21. Bc2
g6 22. h4 h5 23. Qg3 Kg7 24. b4 Ne6 25. Rd2 Nd4 26. Nxd4 Qxd4 27. Bd1 Bxh4 28.
Qe3 Rad8 29. a4 e4 30. Qxd4+ Rxd4 31. Bc2 Red8 32. g3 Bg5 33. f4 exd3 34. fxg5
dxc2 35. Rxc2 Rg4 36. Re2 Rd7 37. Rf4 Rxg3+ 38. Rg2 Rd1+ 39. Kh2 Rxg2+ 40. Kxg2
Ra1 41. a5 c5 42. bxc5 Rxa5 43. Rd4 Rxc5 44. Rd7 Rxg5+ 45. Kh3 b5 46. cxb5 Rxb5
47. Rxa7 Rb3+ 0-1

[Event "European Rapid 2014"]
[Site "Wroclaw POL"]
[Date "2014.12.20"]
[Round "3.24"]
[White "Bindrich, Falko"]
[Black "Hoepfl, Thomas"]
[Result "1/2-1/2"]
[WhiteTitle "GM"]
[BlackTitle "FM"]
[WhiteElo "2610"]
[BlackElo "2296"]
[WhiteFideId "4676670"]
[BlackFideId "4615182"]
[EventDate "2014.12.20"]

1. Nf3 Nf6 2. c4 e6 3. g3 d5 4. Bg2 dxc4 5. Qa4+ Nbd7 6. Qxc4 c5 7. O-O b6 8. d4
Bb7 9. Rd1 Rc8 10. Qa4 a6 11. dxc5 Bxc5 12. Bg5 b5 13. Qh4 Qb6 14. e3 O-O 15.
Nc3 h6 16. Bxf6 Nxf6 17. Rd3 Rfd8 18. Rad1 Rxd3 19. Rxd3 Rd8 20. Ne5 Bxg2 21.
Kxg2 Rxd3 22. Nxd3 Qc6+ 23. Kg1 Be7 24. Qd4 Qd6 25. Ne2 Kf8 26. f3 Qc6 27. Kf2
Nd7 28. Qa7 Bc5 29. Nxc5 Nxc5 30. Nd4 Nd3+ 31. Ke2 Nc1+ 32. Kd2 Qc8 33. Nc2 Nxa2
34. Qd4 a5 35. Qb6 Nb4 36. Nxb4 axb4 37. Qxb5 Qd8+ 38. Kc2 Qd6 39. Kb3 Qd1+ 40.
Kxb4 Qxf3 41. Qb8+ Ke7 42. Qc7+ Ke8 43. Qc8+ Ke7 44. Qc5+ Ke8 45. Qc8+ Ke7 46.
Qc7+ Ke8 47. Qb8+ Ke7 48. Qa7+ Ke8 49. Qb8+ Ke7 50. Qe5 Qb7+ 51. Kc4 Qa6+ 52.
Kc3 Qc6+ 53. Kb4 Qb6+ 54. Kc4 Qa6+ 55. Qb5 Qa2+ 56. Kd4 Qb1 57. Qc5+ Kf6 58. Qc3
Ke7 59. b4 Qd1+ 60. Qd3 e5+ 61. Kc4 Qa4 62. Qd5 Qa2+ 63. Kc5 Qa7+ 64. Kc6 Qa8+
65. Kc5 Qa7+ 66. Kc6 Qa8+ 67. Kc5 Qa7+ 1/2-1/2

[Event "European Rapid 2014"]
[Site "Wroclaw POL"]
[Date "2014.12.20"]
[Round "3.25"]
[White "Borkowski, Franciszek"]
[Black "Swiercz, Dariusz"]
[Result "0-1"]
[WhiteTitle "IM"]
[BlackTitle "GM"]
[WhiteElo "2322"]
[BlackElo "2616"]
[WhiteFideId "1100173"]
[BlackFideId "1126881"]
[EventDate "2014.12.20"]

1. e4 c5 2. Nf3 d6 3. d4 cxd4 4. Nxd4 Nf6 5. Nc3 a6 6. Bc4 e6 7. Bb3 b5 8. f4 b4
9. Na4 Be7 10. e5 Ne4 11. O-O O-O 12. Be3 Bb7 13. exd6 Qxd6 14. f5 e5 15. Nf3
Nd7 16. Qxd6 Nxd6 17. Rad1 Rad8 18. g4 h5 19. h3 Ne4 20. Nb6 Nxb6 21. Bxb6 Rd6
22. Rxd6 Bxd6 23. Rd1 Rc8 24. g5 Kf8 25. h4 f6 26. Be3 Bc5 27. Bxc5+ Nxc5 28.
Bd5 Rd8 0-1

[Event "European Rapid 2014"]
[Site "Wroclaw POL"]
[Date "2014.12.20"]
[Round "3.26"]
[White "Miton, Kamil"]
[Black "Lobanov, Sergei"]
[Result "1-0"]
[WhiteTitle "GM"]
[WhiteElo "2601"]
[BlackElo "2365"]
[WhiteFideId "1111914"]
[BlackFideId "24183750"]
[EventDate "2014.12.20"]

1. d4 Nf6 2. c4 e6 3. g3 d5 4. Bg2 Be7 5. Nf3 O-O 6. O-O dxc4 7. Nc3 c5 8. dxc5
Bxc5 9. Qa4 Nc6 10. Qxc4 Qe7 11. Bg5 h6 12. Bxf6 gxf6 13. Rfd1 a6 14. Rac1 Ba7
15. e3 Bd7 16. Qf4 Kg7 17. Ne4 Rad8 18. Qg4+ Kh7 19. Qh4 Kg7 20. g4 Bb8 21. a3
Bc8 22. Ng3 Bxg3 23. Qxg3 Rxd1+ 24. Rxd1 Rd8 25. Rc1 Qd6 26. Qxd6 Rxd6 27. Nd4
Bd7 28. Bxc6 Bxc6 29. Rc5 Bd5 30. f3 f5 31. h3 Kf6 32. Kf2 Ba2 33. f4 Bd5 34. b4
Be4 35. Kg3 Rd8 36. a4 Rg8 37. a5 Ke7 38. Rc7+ Kf6 39. Nf3 fxg4 40. hxg4 Rf8 41.
Ne5 Kg7 42. g5 hxg5 43. fxg5 Bd5 44. g6 Be4 45. Rxf7+ Rxf7 46. gxf7 Kf8 47. Kf4
Bd5 48. e4 Ba2 49. Ke3 Bb1 50. Kd4 Ke7 51. Nd7 Kxf7 52. Nc5 Kf6 53. e5+ 1-0